| 000 | 00424nam a2200157 4500 | ||
|---|---|---|---|
| 001 | 20193 | ||
| 005 | 20230411085951.0 | ||
| 008 | 060907n1996 dr spa | ||
| 020 | _a968810552X | ||
| 035 | _9funglode20345 | ||
| 041 | _aES | ||
| 245 | 0 | _aLíderes del mundo en la cancillería Mexicana | |
| 260 |
_aMexico D.F. : _bSecretaría de Relaciones Exteriores, _c1996 |
||
| 300 | _a157 p. | ||
| 942 |
_2lcc _cbk |
||
| 999 |
_c110161 _d110161 |
||